True Detective Cast - Sudden Death - Statistics

General Stats
  • This quiz has been taken 27 times
  • The average score is 5 of 17
Answers on the Grid
Answers color-coded by a green-red scale on the quiz's grid according to % correct below.
Matthew McConaughey
Alden Ehrenreich
Omar Doom
Oscric Chau
Michael Rooker
DJ Qualls
Tory Kittles
Seth MacFarlane
Elizabeth Banks
Bonnie Wright
Christopher Eccleston
Ray Fisher
Rachel McAdams
Rita Wilson
Danny Glover
Vince Vaughn
Colin Farrell
William Baldwin
Bill Nye
Quentin Tarantino
Faran Tahir
Woody Harrelson
Fiona Shaw
Michelle Monaghan
Felicity Jones
Jodie Foster
Terrence Howard
Stephen Dorff
Noah Schnapp
Mahershala Ali
Taylor Kitsch
Kelly Reilly
Alexandra Daddario
Michael Dudikoff
Brandon Lee
Steve Carell
Chadwick Boseman
Casper van Dien
 
Answer Stats
Answer % Correct
Matthew McConaughey
95%
Alexandra Daddario
63%
Woody Harrelson
63%
Michelle Monaghan
47%
Colin Farrell
42%
Mahershala Ali
42%
Vince Vaughn
42%
Jodie Foster
37%
Rachel McAdams
26%
Taylor Kitsch
21%
Stephen Dorff
16%
Tory Kittles
16%
Michael Rooker
11%
Ray Fisher
11%
Christopher Eccleston
5%
Kelly Reilly
5%
Fiona Shaw
0%
No matching quizzes found
Score Distribution
Percent of People with Each Score
Percentile by Number Answered
Your Score History
You have not taken this quiz